| 000 | 01882nam a2200229Ia 4500 | ||
|---|---|---|---|
| 003 | Ost | ||
| 005 | 20260416102402.0 | ||
| 008 | 260416s9999||||xx |||||||||||||| ||und|| | ||
| 040 | _cfsecg | ||
| 041 | _aara | ||
| 082 | _a657.42 | ||
| 100 |
_aبن ربيع، حنيفة _eمؤلف |
||
| 245 | 0 |
_aالمحاسبة المالية المعمقة : _bالمقاربة البنكية- جرد التثبيتات- المؤونات و تدني القيم / _c حنيفة بن ربيع |
|
| 260 |
_aالجزائر _bجامعة الجزائر3: كلية العلوم الإقتصادية، العلوم التجارية وعلوم التسيير _c2019 |
||
| 300 |
_a134 ورقة _bايضاحات _c12 سم |
||
| 504 | _aالمراجع ص.130 | ||
| 520 | _aتتناول المطبوعة بشكل تفصيلي مفاهيم أساسية في المحاسبة المالية، مع التركيز على تقييم الأصول والالتزامات. تغطي المطبوعة موضوعات حيوية مثل المقاربة البنكية، التي تهدف إلى مطابقة السجلات المحاسبية مع كشوفات البنك، والتسويات الجردية للتثبيتات، بما في ذلك الإهلاك وتدني القيمة، وأخيراً المؤونات وتدني قيم الأصول الأخرى. تقدم المطبوعة شرحاً وافياً لهذه المفاهيم، مدعمة بأمثلة عملية وتمارين لحسابية، مما يجعلها مرجعاً قيماً للطلاب والمحاسبين الراغبين في فهم أعمق لهذه المواضيع. | ||
| 653 | _aالمحاسبة | ||
| 653 | _aالمحاسبة المالية | ||
| 710 |
_aجامعة الجزائر3: كلية العلوم الإقتصادية، العلوم التجارية وعلوم التسيير _eناشر علمي |
||
| 942 | _cHANDOUT | ||
| 999 |
_c41461 _d41461 |
||